Influence of strategic collaborations on the competitiveness of private colleges in Nakuru town / (Record no. 16492)
[ view plain ]
| 000 -LEADER | |
|---|---|
| fixed length control field | 00746cam a22002052 4500 |
| 001 - CONTROL NUMBER | |
| control field | 0000025015 |
| 003 - CONTROL NUMBER IDENTIFIER | |
| control field | OSt |
| 005 - DATE AND TIME OF LATEST TRANSACTION | |
| control field | 20170918155816.0 |
| 008 - FIXED-LENGTH DATA ELEMENTS--GENERAL INFORMATION | |
| fixed length control field | 140416s xx 000 0 eng d |
| 040 ## - CATALOGING SOURCE | |
| Original cataloging agency | KABU |
| Transcribing agency | KABU |
| 050 ## - LIBRARY OF CONGRESS CALL NUMBER | |
| Classification number | The LB2331.5 |
| Item number | .K66 2016 |
| 100 1# - MAIN ENTRY--PERSONAL NAME | |
| Personal name | Konga, Givans Kiprotich |
| 245 13 - TITLE STATEMENT | |
| Title | Influence of strategic collaborations on the competitiveness of private colleges in Nakuru town / |
| Statement of responsibility, etc. | Givans Kiprotich Konga |
| 260 ## - PUBLICATION, DISTRIBUTION, ETC. (IMPRINT) | |
| Place of publication, distribution, etc. | Nakuru : |
| Name of publisher, distributor, etc. | Kabarak University, |
| Date of publication, distribution, etc. | 2016. |
| 300 ## - PHYSICAL DESCRIPTION | |
| Extent | xi, 72 leaves |
| 502 ## - DISSERTATION NOTE | |
| Dissertation note | Thesis (MBA) - Kabarak University, 2016. |
| 650 #0 - SUBJECT ADDED ENTRY--TOPICAL TERM | |
| Topical term or geographic name as entry element | University cooperation |
| Geographic subdivision | Kenya. |
| 650 #0 - SUBJECT ADDED ENTRY--TOPICAL TERM | |
| Topical term or geographic name as entry element | Universities and colleges |
| Geographic subdivision | Kenya |
| 942 ## - ADDED ENTRY ELEMENTS (KOHA) | |
| Source of classification or shelving scheme | Library of Congress Classification |
| Koha item type | Thesis, Dissertation and Projecs |
| Classification part | The LB2331.5 |
| Item part | .K66 2016 |
| Call number prefix | The |
| Withdrawn status | Lost status | Source of classification or shelving scheme | Not for loan | Home library | Current library | Date acquired | Total Checkouts | Total Renewals | Full call number | Barcode | Date last seen | Date last checked out | Copy number | Price effective from | Koha item type |
|---|---|---|---|---|---|---|---|---|---|---|---|---|---|---|---|
| Library of Congress Classification | Kabarak, Main Campus | Kabarak, Main Campus | 18/09/2017 | 1 | 1 | The LB2331.5 .K66 2016 c.1 | 027271 | 25/09/2019 | 09/09/2019 | c.1 | 18/09/2017 | Thesis, Dissertation and Projecs | |||
| Library of Congress Classification | Kabarak, Main Campus | Kabarak, Main Campus | 18/09/2017 | The LB2331.5 .K66 2016 c.2 | 027175 | 18/09/2017 | c.2 | 18/09/2017 | Thesis, Dissertation and Projecs | ||||||
| Library of Congress Classification | Kabarak, Nakuru City Campus | Kabarak, Nakuru City Campus | 18/09/2017 | 1 | KTC The LB2331.5 .K66 2016 c.1 | 027223 | 17/08/2018 | 04/08/2018 | c.1 | 18/09/2017 | Thesis, Dissertation and Projecs |